Małżonki władców Polski - Statystyki

Ogólne statystyki
  • Ten quiz został rozwiązany 215 razy
  • Średni wynik to 5 z 10
Statystyki odpowiedzi
Małżonki Królowie % Poprawnych
Jadwiga Andegaweńska Władysław II Jagiełło
95%
Dobrawa Mieszko I
86%
Anna Jagiellonka Stefan Batory
70%
Bona Sforza Zygmunt I Stary
62%
Barbara Radziwiłłówna Zygmunt II August
60%
Rycheza Lotaryńska Mieszko II
35%
Jadwiga Śląska Henryk I Brodaty
24%
Elżbieta Bośniaczka Ludwik Węgierski
20%
Barbara Zapolya Zygmunt I Stary
20%
Maria Jóżefa Habsburżanka August III Sas
11%
Nie znaleziono quizów pasujących do podanych kryteriów
Rozkład punktacji
Procent ludzi z każdym wynikiem
Percentyl według liczby udzielonych odpowiedzi
Twoja historia wyników
Nie rozwiązałeś tego quizu